00346nam a2200145Ia 4500003000400000005001700004008004000021040000700061041001200068082001700080100002200097245002900119260004400148300000800192OSt20221117100850.0210210b1967 xxu||||| |||| 00| 0 eng d cAL aEnglish a338.954 SRIG aSRIVASTAVA (S P). aGlance at Indian economy aNew DelhibDelhi Publishing Housec1967 a151